Soberanía del pueblo y poder constituyente.

Guardat en:
Dades bibliogràfiques
Autor principal: Angarita Baron, Ciro (autor)
Format: Llibre
Idioma:espanyol
Col·lecció:(Escuela de liderazgo democrático ; no. 7)
Matèries:
Etiquetes: Afegir etiqueta
Sense etiquetes, Sigues el primer a etiquetar aquest registre!

MARC

LEADER 00000cam^a2200000uu^4500
001 000463541
005 20250521000000.0
008 050901s1994^^^^^^^^^^^^rd^r^^000^0^spa^d
009 20260310124315.781
035 |a FCE 000006091 
035 |a FCE 024101 
037 |a Acervo ITESO - Biblioteca 
041 |a spa 
082 0 4 |a 323.042  |b E.I.D. 7 
100 |a Angarita Baron, Ciro  |e (autor) 
245 1 0 |a Soberanía del pueblo y poder constituyente. 
264 |a Bogotá :  |b Fundación social,  |c 1994. 
300 |a 45 p. 
336 |a texto  |b txt  |2 rdacontenido 
337 |a sin mediación  |b n  |2 rdamedio 
338 |a volumen  |b nc  |2 rdasoporte 
440 0 |a (Escuela de liderazgo democrático ;  |v no. 7) 
649 |a XX 
650 |a Democracia 
650 |a Constitución política 
650 |a Estado y sociedad 
650 |a Reforma 
650 |a Colombia 
910 |a Fondo Centro de Estudios Educativos 
920 |a Impresos - Libros 
930 |a Fondos Especiales 
905 |a 133 
901 |a ALE024101  |b IT2  |c CEE  |u 20250521 
902 |a https://opac.biblio.iteso.mx/vufind/Record/000463541